Cities by Famous Music Duos - Statistics

General Stats
  • This quiz has been taken 58 times
  • The average score is 10 of 20
Answer Stats
Music duo Country City % Correct
Daft Punk France Paris
98%
Eurythmics England London
91%
Simon & Garfunkel United States New York
89%
t.A.T.u. Russia Moscow
75%
Modern Talking Germany Berlin
74%
The White Stripes United States Detroit
72%
OutKast United States Atlanta
70%
The Righteous Brothers United States Los Angeles
68%
Baccara Spain Madrid
68%
The Chemical Brothers England Manchester
68%
Hall & Oates United States Philadelphia
51%
2 Unlimited Belgium Antwerp
47%
Sam & Dave United States Miami
34%
Peaches & Herb United States Washington, D.C
28%
Ike & Tina Turner United States St. Louis
26%
The Black Keys United States Akron
13%
Tears for Fears England Bath
11%
Roxette Sweden Halmstad
6%
The Everly Brothers United States Knoxville
6%
UGK United States Port Arthur
6%
No matching quizzes found
Score Distribution
Percent of People with Each Score
Percentile by Number Answered
Your Score History
You have not taken this quiz